| 000 | 00000nam##2200000za#4500 |
| 001 | 9.631148 |
| 003 | CaOODSP |
| 005 | 20210624214208 |
| 007 | cr ||||||||||| |
| 008 | 150407|2003||||xxc|||||o f|0| 0 fre|d |
| 020 | |a0-662-89864-8 |
| 040 | |aCaOODSP|bfre |
| 043 | |an-cn--- |
| 086 | 1 |aJS62-110/2003F-PDF |
| 110 | 1 |aCanada.|bSolliciteur général Canada. |bGendarmerie royale du Canada. |
| 245 | 13|aLa «traite» des êtres humains et le crime organisé : |h[ressource électronique]|bexamen de la littérature / |cpar Christine Bruckert et Colette Parent [pour Sous-direction de la recherche et de l'évaluation, Direction des services de police communautaires, contractuels et autochtones. |
| 260 | |aOttawa - Ontario : |bSolliciteur général Canada. |c2003. |
| 300 | |a[35]p.|bréférences |
| 590 | |a04-44|b2004-10-29 |
| 590 | |a06-10-Supp|b2006-12-15 |
| 691 | 07|aCrime organisé|2gcpds |
| 691 | 07|aCommerce|2gcpds |
| 691 | 07|aEnfant|2gcpds |
| 691 | 07|aFemme|2gcpds |
| 691 | 07|aHomme|2gcpds |
| 720 | 1 |aBruckert, Christine |
| 720 | 1 |aParent, Colette |
| 775 | 08|tTrafficking in human beings and organized crime : |w(CaOODSP)9.686682 |
| 776 | 0#|tTrafficking in human beings and organized crime : |w(CaOODSP)9.665021 |
| 776 | 0#|tLa «traite» des êtres humains et le crime organisé : |w(CaOODSP)9.665022 |
| 856 | 40|ahttp://publications.gc.ca|qPDF|s176 Ko|uhttps://publications.gc.ca/collections/Collection/JS62-110-2003F.pdf |